|
|
|
|
| LEADER |
00000njm a2200000 a 4500 |
| 001 |
vtls008422966 |
| 003 |
SK-MaSNL |
| 005 |
20260302055459.0 |
| 007 |
sd fsngnnmmned |
| 008 |
060110s2005 xo fmnng a n slo |
| 015 |
|
|
|a SNBJ2005
|
| 040 |
|
|
|a SNK
|b slo
|c SNK
|e AACR2
|
| 041 |
0 |
|
|d slo
|
| 044 |
|
|
|a xo
|c SK
|
| 072 |
|
7 |
|a 784
|x Vokálna hudba
|2 konspekt
|
| 080 |
|
|
|a 784.4(=162.4)
|2 2001
|
| 080 |
|
|
|a (086.76)
|2 2001
|
| 110 |
2 |
|
|a Považan (folklórny súbor)
|4 aut
|9 78854
|
| 245 |
1 |
0 |
|a Považan
|h zvukový záznam
|
| 260 |
|
|
|a Bratislava
|b Diskant
|c 2005
|
| 300 |
|
|
|a 1 zvuková platňa
|b stereo, digital
|c 12 cm
|
| 500 |
|
|
|a Kompaktná platňa
|
| 505 |
0 |
|
|a Obsahuje 16 piesní
|
| 511 |
0 |
|
|a Účinkuje Považan
|
| 518 |
|
|
|a Nahrané v štúdiu Q99 Bratislava, január a júl 2004
|
| 650 |
0 |
7 |
|a ľudová hudba
|2 SNKPH
|9 3183
|
| 650 |
0 |
7 |
|a slovenské ľudové piesne
|2 SNKPH
|9 3454
|
| 655 |
|
7 |
|a kompaktné platne
|2 SNKPH
|9 70690
|
| 999 |
|
|
|c 1117451
|d 1119381
|
| 952 |
|
|
|a SNK
|b SNK
|y PREZ
|7 0
|p 17A0505011
|o snkSCD 1812
|i snk2006/6593
|8 0
|0 0
|1 0
|4 0
|d 2006-03-29
|l 0
|r 2026-02-24 18:20:49
|w 2026-02-24
|